Datum a čas kvízu
25
Celkem bodů
Celkový počet nahraných bodů na tomto kvízu bez doplňovacích otázek.
11.
Pořadí na kvízu
Konečné umístění týmu na tomto kvízu.
Zaznamenané odpovědi
| # | Otázka | Odpověď | Body | Výsledky |
|---|---|---|---|---|
| 1. | Jedno pražské brašnářství minu... | Tlustý (a spol.) | 1 | |
| 2. | Ve kterém evropském městě se n... | ve Frankfurtu (nad Mohanem) | 0 | |
| 3. | Jak se nazývá společnost, z je... | Netflix | 0 | |
| 4. | Elektromobil s typovým označen... | Ford | 1 | |
| 5. | UEFA minulý týden vyškrtla dva... | B) dopravní značku | 1 | |
| 6. | V tomto tématu budete mít vždy... | 12. století | 0 | |
| 7. | Bartolomeu Dias obeplouvá mys... | 15. století | 0 | |
| 8. | Narodil se Marco Polo, proběhl... | 13. století | 0 | |
| 9. | Založení Petrohradu, podepsání... | 18. století | 1 | |
| 10. | Počátek islámského letopočtu,... | 7. století | 0 |